European property investors and bankers survey 2007 (Record no. 106661)

MARC details
000 -LEADER
fixed length control field 01150cad a2200205 a 4500
001 - CONTROL NUMBER
control field L137149
008 - FIXED-LENGTH DATA ELEMENTS--GENERAL INFORMATION
fixed length control field 070316s2007 xxkad f s 000 0 eng d
035 ## - SYSTEM CONTROL NUMBER
System control number (Sirsi) u137149
041 0# - LANGUAGE CODE
Language code of text/sound track or separate title eng
110 2# - MAIN ENTRY--CORPORATE NAME
Corporate name or jurisdiction name as entry element King Sturge
9 (RLIN) 3877
245 00 - TITLE STATEMENT
Title European property investors and bankers survey 2007
Medium [electronic resource]
260 ## - PUBLICATION, DISTRIBUTION, ETC.
Date of publication, distribution, etc. 2007
490 #0 - SERIES STATEMENT
Series statement European Property Investors and Bankers Survey
Volume/sequential designation 2007
520 ## - SUMMARY, ETC.
Summary, etc. Reports strong confidence in European commercial property with investment returns expected to exceed the previous year. Compares expectations in the UK market with expectation in the European market, and finds that most investors believe growth in the European market will outstrip that of the UK. Reports that investors and bankers are turning their attention away from new Central and Eastern Europe and the UK, expecting better returns to come from Germany, France, Italy and Spain.
590 ## - LOCAL NOTE (RLIN)
Local note KA
651 #4 - SUBJECT ADDED ENTRY--GEOGRAPHIC NAME
Geographic name EUROPE
690 ## - LOCAL SUBJECT ADDED ENTRY--TOPICAL TERM (OCLC, RLIN)
Topical term or geographic name as entry element PROPERTY-COMMERCIAL PROPERTY-COMMERCIAL PROPERTY FINANCE AND INVESTMENT
856 40 - ELECTRONIC LOCATION AND ACCESS
Uniform Resource Identifier <a href="https://www.kingsturge.co.uk/">https://www.kingsturge.co.uk/</a>
Public note View the item free of charge at www.kingsturge.co.uk...
942 ## - ADDED ENTRY ELEMENTS (KOHA)
Suppress in OPAC 0
Holdings
Withdrawn status Lost status Source of classification or shelving scheme Damaged status Not for loan Home library Current library Shelving location Date acquired Total Checkouts Full call number Barcode Date last seen Copy number Price effective from Koha item type
    Dewey Decimal Classification     Virtual Virtual Online 16/03/2007   ONLINE PUBLICATION 137149-1001 06/08/2019 1 06/08/2019 Book